000 00388nam a2200145Ia 4500
008 100122s9999 xx 000 0 und d
082 _b6351
_a821
100 _aदेवगिरीकर त्र्यं र
245 _aगीतांजली
260 _c1948
300 _a100
630 _aगीतांजली
730 _aगीतांजली
942 _cBOOK
999 _c399389
_d399386